00832 2200289 4500001002100000005001500021035002000036007000300056008004100059020001600100082001200116084001600128100003100144245013700175250001000312260003600322300003300358650002000391700001300411700001800424700002300442520002800465520001400493520001100507990001200518990001200530INLIS00000000000283520190114010725 a0010-0119000187ta190114 g 0 ind  a602401697-5 a618.823 a618.823 DIA0 aOKSFRIANI, Jufri Sumampouw1 aDiare Balita Suatu Tinjauan dari Bidang Kesehatan Masyarakat /cOksfriani Jufri Sumampouw, Soemarno, Sri Andarini, Endang Sriwahyuni acet.1 aYogyakarta :bDeepublish,c2016 ax, 103 hlm. :bilus ;c20 cm aDIARE PADA ANAK0 aSOEMARNO0 aSRI, Andarini0 aENDANG, Sriwahyuni aBibliografi: hlm. 72-98 aGlosarium aIndeks a16880 a a16880 b